[Event "3. Open sub-2200 Rutas de Cuenca 2016"]
[Site "Cuenca ESP"]
[Date "2016.06.18"]
[Round "3.2"]
[White "Moreto Quintana, Alex"]
[Black "Castilla Leon Salas, Carlos"]
[Result "1-0"]
[WhiteElo "2109"]
[BlackElo "2162"]
[PlyCount "115"]
[EventDate "2016.06.17"]
[EventType "swiss"]
[EventRounds "7"]
[EventCountry "ESP"]
[SourceTitle "Ajedrez en Madrid"]
[Source "lmi"]
[SourceDate "2016.06.17"]

1. d4 Nf6 2. c4 g6 3. Nc3 Bg7 4. e4 O-O 5. Nf3 d6 6. Be2 Na6 7. O-O e5 8. Be3
Ng4 9. Bg5 Qe8 10. h3 f6 11. Bc1 Nh6 12. Be3 c6 13. dxe5 dxe5 14. Qb3 Nf7 15.
c5 Nc7 16. Bc4 Qe7 17. Rfd1 Ne6 18. Nh2 f5 19. f3 Nd4 20. Bxd4 exd4 21. Ne2
Qxc5 22. Rac1 Qd6 23. exf5 gxf5 24. f4 c5 25. Nf3 Bf6 26. Qc2 b6 27. b4 Be6 28.
bxc5 bxc5 29. Bd3 Rac8 30. Bxf5 Bxf5 31. Qxf5 Nh6 32. Qh5 Bg7 33. Ne5 Nf5 34.
Nc4 Qd5 35. g4 Qf3 36. Rd2 d3 37. Nc3 Ng3 38. Qd5+ Qxd5 39. Nxd5 Ne2+ 40. Rxe2
dxe2 41. Ne7+ Kh8 42. Nxc8 Bd4+ 43. Kg2 Rxc8 44. Re1 Rb8 45. Rxe2 Rb4 46. Rc2
Rb1 47. Nd2 Re1 48. Nf3 Re3 49. Nxd4 cxd4 50. Rc8+ Kg7 51. Rc7+ Kg6 52. f5+ Kg5
53. Rxa7 h5 54. Rg7+ Kf6 55. Rg6+ Kf7 56. Rd6 hxg4 57. hxg4 d3 58. a3 1-0

[Event "3. Open sub-2200 Rutas de Cuenca 2016"]
[Site "Cuenca ESP"]
[Date "2016.06.18"]
[Round "3.3"]
[White "Alvarez Serrano, Carlos"]
[Black "Martorell Aubanell, Adria"]
[Result "1/2-1/2"]
[WhiteElo "2097"]
[BlackElo "2160"]
[PlyCount "33"]
[EventDate "2016.06.17"]
[EventType "swiss"]
[EventRounds "7"]
[EventCountry "ESP"]
[SourceTitle "Ajedrez en Madrid"]
[Source "lmi"]
[SourceDate "2016.06.17"]

1. d4 Nf6 2. g3 g6 3. Bg2 Bg7 4. e4 d6 5. Ne2 O-O 6. Nbc3 e5 7. h3 Nc6 8. Be3
exd4 9. Nxd4 Bd7 10. O-O Re8 11. f4 Nh5 12. Kh2 f5 13. Qd3 fxe4 14. Bxe4 Nf6
15. Nxc6 Bxc6 16. Bxc6 bxc6 17. Rae1 1/2-1/2

[Event "3. Open sub-2200 Rutas de Cuenca 2016"]
[Site "Cuenca ESP"]
[Date "2016.06.18"]
[Round "3.4"]
[White "Fernandez Cano, Victor"]
[Black "Garcia Gata, Jorge D"]
[Result "1-0"]
[WhiteElo "2156"]
[BlackElo "2000"]
[PlyCount "77"]
[EventDate "2016.06.17"]
[EventType "swiss"]
[EventRounds "7"]
[EventCountry "ESP"]
[SourceTitle "Ajedrez en Madrid"]
[Source "lmi"]
[SourceDate "2016.06.17"]

1. Nf3 Nf6 2. c4 c5 3. d4 cxd4 4. Nxd4 e5 5. Nb5 d5 6. cxd5 Bc5 7. e3 O-O 8.
N5c3 e4 9. Be2 Nbd7 10. Nd2 Qe7 11. a3 a6 12. b4 Bd6 13. Nc4 Bb8 14. Bb2 b5 15.
Na5 Ne5 16. Qb3 Bg4 17. O-O-O Bc7 18. Bxg4 Nfxg4 19. Nxe4 Bxa5 20. bxa5 Nc4 21.
Rd4 Nxa5 22. Qd1 f5 23. Kb1 Nc4 24. d6 Qd8 25. h3 Nge5 26. Nc5 Nxb2 27. Kxb2
Nc4+ 28. Ka2 Rc8 29. Ne6 Qa5 30. Qb3 Nxa3 31. Nxf8+ Kxf8 32. Qb4 Rc2+ 33. Ka1
Qxb4 34. Rxb4 Rd2 35. Rf4 g6 36. g4 Nc2+ 37. Kb2 b4 38. Kc1 Re2 39. Kd1 1-0

[Event "3. Open sub-2200 Rutas de Cuenca 2016"]
[Site "Cuenca ESP"]
[Date "2016.06.18"]
[Round "3.5"]
[White "Perez Pascual, Arturo"]
[Black "Lozano Suarez, Luis Miguel"]
[Result "1-0"]
[WhiteElo "1885"]
[BlackElo "2116"]
[PlyCount "108"]
[EventDate "2016.06.17"]
[EventType "swiss"]
[EventRounds "7"]
[EventCountry "ESP"]
[SourceTitle "Ajedrez en Madrid"]
[Source "lmi"]
[SourceDate "2016.06.17"]

1. e4 d5 2. exd5 Qxd5 3. Nc3 Qd8 4. d4 Nf6 5. Bc4 a6 6. a4 Nc6 7. d5 Nb4 8. Bg5
Bf5 9. Rc1 c6 10. Bxf6 exf6 11. Nge2 cxd5 12. Nxd5 Rc8 13. b3 Be4 14. Nxb4
Bxb4+ 15. c3 Ba3 16. Ra1 Qe7 17. O-O O-O 18. Ra2 Rfd8 19. Nd4 Bg6 20. Re1 Qf8
21. Qf3 Rd7 22. h4 h6 23. Qg4 Rdc7 24. h5 Bh7 25. Rae2 Kh8 26. Nf5 Bxf5 27.
Qxf5 Rc5 28. Qg4 f5 29. Qf3 b5 30. axb5 axb5 31. Bd3 g6 32. hxg6 fxg6 33. Re6
Rxc3 34. Qe2 Bd6 35. Rxg6 Rc1 36. Qb2+ Kh7 37. Rge6 Rxe1+ 38. Rxe1 Rc5 39. Qd4
b4 40. g4 Kg8 41. Bxf5 Rxf5 42. gxf5 Qg7+ 43. Qxg7+ Kxg7 44. Re6 Bf4 45. Kg2
Bd2 46. Kh3 Bc1 47. Kg4 Bd2 48. Rg6+ Kf7 49. f4 h5+ 50. Kg5 h4 51. Rh6 Be1 52.
Rh7+ Kg8 53. Kg6 Bf2 54. f6 Bd4 1-0

[Event "3. Open sub-2200 Rutas de Cuenca 2016"]
[Site "Cuenca ESP"]
[Date "2016.06.18"]
[Round "3.6"]
[White "Villar Reymundo, Juan Antonio"]
[Black "Vazquez Gonzalez, Jesus"]
[Result "0-1"]
[WhiteElo "2175"]
[BlackElo "1901"]
[PlyCount "80"]
[EventDate "2016.06.17"]
[EventType "swiss"]
[EventRounds "7"]
[EventCountry "ESP"]
[SourceTitle "Ajedrez en Madrid"]
[Source "lmi"]
[SourceDate "2016.06.17"]

1. c4 g6 2. g3 Bg7 3. Bg2 d6 4. Nc3 e5 5. e3 c6 6. Nge2 Ne7 7. d4 O-O 8. O-O f5
9. d5 c5 10. e4 a6 11. a3 b6 12. b4 Nd7 13. Be3 f4 14. gxf4 exf4 15. Nxf4 Rxf4
16. Bxf4 Bxc3 17. Rb1 Be5 18. Be3 Nf6 19. h3 Nh5 20. f4 Bg7 21. Qd3 Qe8 22.
Rbe1 Kh8 23. Bd2 Ra7 24. Kh2 Ng8 25. Bf3 Rc7 26. Re2 Qf8 27. Bg4 Bxg4 28. hxg4
Nhf6 29. Qf3 Qc8 30. Rg1 Qe8 31. Rc1 Qc8 32. g5 Ng4+ 33. Kg3 h5 34. Bc3 Qf8 35.
bxc5 bxc5 36. Rb2 Rf7 37. Rcb1 Ne5 38. Bxe5 Bxe5 39. Rb8 Qe7 40. Kg2 Rxf4 0-1

[Event "3. Open sub-2200 Rutas de Cuenca 2016"]
[Site "Cuenca ESP"]
[Date "2016.06.18"]
[Round "3.7"]
[White "Egana Arruti, Joseba"]
[Black "Aymerich Rosell, Pablo"]
[Result "0-1"]
[WhiteElo "1795"]
[BlackElo "2173"]
[PlyCount "128"]
[EventDate "2016.06.17"]
[EventType "swiss"]
[EventRounds "7"]
[EventCountry "ESP"]
[SourceTitle "Ajedrez en Madrid"]
[Source "lmi"]
[SourceDate "2016.06.17"]

1. e4 e5 2. Nf3 Nc6 3. Nc3 Nf6 4. d4 exd4 5. Nxd4 Bb4 6. Nxc6 bxc6 7. Bd3 d5 8.
exd5 cxd5 9. O-O O-O 10. Bg5 c6 11. Na4 Be6 12. Rc1 h6 13. Bf4 Bd6 14. Qd2 c5
15. c3 Qd7 16. b3 Rfd8 17. Rfe1 Bxf4 18. Qxf4 Rac8 19. Nb2 Qb7 20. Re2 Rc7 21.
Rce1 Rdc8 22. f3 Qb6 23. Kf1 Qa5 24. Nd1 c4 25. b4 Qa3 26. Bb1 Rd7 27. Qd4 a5
28. bxa5 Qxa5 29. Ne3 Qc7 30. Kg1 Rb8 31. Bf5 Rd6 32. Bxe6 fxe6 33. Nc2 Qb6 34.
Qxb6 Rbxb6 35. Nb4 d4 36. a3 d3 37. Rd2 Nd5 38. g3 Nxc3 39. Kf2 Ne2 40. Rexe2
dxe2 41. Rxe2 Rb5 42. Rc2 Rc5 43. Ke3 Kf7 44. Rc3 Rd1 45. h4 h5 46. Ke2 Rg1 47.
Kf2 Rb1 48. Ke3 Rb3 49. Kd4 Rc8 50. Rxc4 Rxc4+ 51. Kxc4 Rxf3 52. Nd3 Rxg3 53.
a4 Rg4+ 54. Kb5 Rxh4 55. a5 Rd4 56. Ne5+ Kf6 57. Nc6 Rd7 58. a6 h4 59. Kb6 h3
60. Nb8 Rd6+ 61. Nc6 Rxc6+ 62. Kxc6 h2 63. Kb7 h1=Q+ 64. Kb8 Qd5 0-1

[Event "3. Open sub-2200 Rutas de Cuenca 2016"]
[Site "Cuenca ESP"]
[Date "2016.06.18"]
[Round "3.8"]
[White "Suarez Triguero, Jose Alfonso"]
[Black "Ruiz Bellon, Manuel"]
[Result "1/2-1/2"]
[WhiteElo "2094"]
[BlackElo "1968"]
[PlyCount "108"]
[EventDate "2016.06.17"]
[EventType "swiss"]
[EventRounds "7"]
[EventCountry "ESP"]
[SourceTitle "Ajedrez en Madrid"]
[Source "lmi"]
[SourceDate "2016.06.17"]

1. b3 c5 2. c4 Nc6 3. Bb2 e6 4. g3 Nf6 5. Bg2 d5 6. cxd5 exd5 7. Nf3 d4 8. O-O
Be7 9. Re1 O-O 10. e4 dxe3 11. dxe3 Nb4 12. Nc3 Nd3 13. Re2 Nxb2 14. Rxb2 Bg4
15. Qxd8 Raxd8 16. Ne5 Bc8 17. e4 Be6 18. Nc4 Rd3 19. Rc2 Rfd8 20. Ne3 Ng4 21.
Nxg4 Bxg4 22. Nd5 Bd6 23. Rac1 Be6 24. Rc3 Rxc3 25. Rxc3 f5 26. exf5 Bxf5 27.
Ne3 Bc8 28. Rd3 Bc7 29. Rxd8+ Bxd8 30. a4 Kf7 31. f4 a6 32. Nc4 Bc7 33. a5 Be6
34. Bxb7 Bxc4 35. bxc4 Bxa5 36. Bxa6 Bc3 37. Kf2 h5 38. Kf3 Kf6 39. Bb7 Bd4 40.
Bc6 g6 41. Be4 Bg1 42. h3 Bd4 43. Bc6 Bg1 44. Be8 Bd4 45. Ke4 Bf2 46. f5 gxf5+
47. Kf3 Bd4 48. Bxh5 Be5 49. Be8 Kg5 50. Ba4 Kf6 51. Bc2 Bd4 52. h4 Be5 53. Bd3
Bd4 54. h5 Kg5 1/2-1/2

[Event "3. Open sub-2200 Rutas de Cuenca 2016"]
[Site "Cuenca ESP"]
[Date "2016.06.18"]
[Round "3.9"]
[White "Llerena Achutegui, Mariano"]
[Black "Lopez De Turiso, Jose Angel"]
[Result "0-1"]
[WhiteElo "1590"]
[BlackElo "2040"]
[PlyCount "58"]
[EventDate "2016.06.17"]
[EventType "swiss"]
[EventRounds "7"]
[EventCountry "ESP"]
[SourceTitle "Ajedrez en Madrid"]
[Source "lmi"]
[SourceDate "2016.06.17"]

1. e4 e5 2. Bc4 Nf6 3. Nf3 Nc6 4. Ng5 d5 5. exd5 Na5 6. Bb5+ c6 7. dxc6 bxc6 8.
Qf3 h6 9. Ne4 Nd5 10. Ba4 Be7 11. c3 O-O 12. b4 f5 13. bxa5 fxe4 14. Qxe4 Rf4
15. Qc2 Bf5 16. d3 Bxd3 17. Qxd3 Rxa4 18. O-O Qxa5 19. Qg3 Nf6 20. h3 Kh7 21.
Re1 Rd8 22. Nd2 e4 23. Nb3 Qd5 24. Qe3 Bd6 25. Nd4 c5 26. Nb5 Bb8 27. Na3 Qf5
28. c4 Rd3 29. Qe2 Qe5 0-1

[Event "3. Open sub-2200 Rutas de Cuenca 2016"]
[Site "Cuenca ESP"]
[Date "2016.06.18"]
[Round "3.10"]
[White "Barrios Munoz, Rafael Carlos"]
[Black "Hernandez Recio, Roberto"]
[Result "1-0"]
[WhiteElo "2039"]
[BlackElo "1834"]
[PlyCount "39"]
[EventDate "2016.06.17"]
[EventType "swiss"]
[EventRounds "7"]
[EventCountry "ESP"]
[SourceTitle "Ajedrez en Madrid"]
[Source "lmi"]
[SourceDate "2016.06.17"]

1. d4 g6 2. e4 Bg7 3. Nc3 c5 4. Nf3 Qa5 5. Be2 Nf6 6. O-O cxd4 7. Nxd4 Nxe4 8.
Nxe4 Qd5 9. Nb5 Qxe4 10. Nc7+ Kd8 11. Nxa8 b6 12. Bf3 Qb4 13. c3 Qa5 14. Re1
Bf6 15. Bf4 Na6 16. Qd2 g5 17. Be3 h5 18. Bd4 Rh6 19. b4 Qa4 20. Bxf6 1-0

[Event "3. Open sub-2200 Rutas de Cuenca 2016"]
[Site "Cuenca ESP"]
[Date "2016.06.18"]
[Round "4.1"]
[White "Vazquez Gonzalez, Jesus"]
[Black "Fernandez Cano, Victor"]
[Result "0-1"]
[WhiteElo "1901"]
[BlackElo "2156"]
[PlyCount "46"]
[EventDate "2016.06.17"]
[EventType "swiss"]
[EventRounds "7"]
[EventCountry "ESP"]
[SourceTitle "Ajedrez en Madrid"]
[Source "lmi"]
[SourceDate "2016.06.17"]

1. e4 c5 2. Nc3 Nc6 3. a3 g6 4. Bc4 Bg7 5. d3 d6 6. h3 e6 7. Ba2 Nge7 8. Nf3
Rb8 9. O-O b5 10. Ne2 Qb6 11. c3 O-O 12. Be3 a5 13. d4 b4 14. dxc5 dxc5 15. Qd6
Nd4 16. Qxe7 Nxe2+ 17. Kh1 bxc3 18. bxc3 Nxc3 19. Rab1 Nxb1 20. Bxc5 Qd8 21.
Qa7 Rb7 22. Qxb7 Bxb7 23. Rxb1 Bxe4 0-1

[Event "3. Open sub-2200 Rutas de Cuenca 2016"]
[Site "Cuenca ESP"]
[Date "2016.06.18"]
[Round "4.2"]
[White "Insa Alfonso, Pablo"]
[Black "Perez Pascual, Arturo"]
[Result "1-0"]
[WhiteElo "2116"]
[BlackElo "1885"]
[PlyCount "43"]
[EventDate "2016.06.17"]
[EventType "swiss"]
[EventRounds "7"]
[EventCountry "ESP"]
[SourceTitle "Ajedrez en Madrid"]
[Source "lmi"]
[SourceDate "2016.06.17"]

1. e4 e5 2. Nf3 Nf6 3. Nxe5 d6 4. Nf3 Nxe4 5. d4 d5 6. Bd3 Bd6 7. O-O O-O 8. c4
c6 9. Qc2 Na6 10. a3 f5 11. Nc3 Nxc3 12. bxc3 Kh8 13. c5 Bc7 14. Bg5 Qe8 15.
Rfe1 Qh5 16. Qd2 h6 17. Be7 Re8 18. Bd6 Bxd6 19. cxd6 Be6 20. Ne5 Rad8 21. g4
Qh3 22. Bf1 1-0

[Event "3. Open sub-2200 Rutas de Cuenca 2016"]
[Site "Cuenca ESP"]
[Date "2016.06.18"]
[Round "4.3"]
[White "Aymerich Rosell, Pablo"]
[Black "Moreto Quintana, Alex"]
[Result "0-1"]
[WhiteElo "2173"]
[BlackElo "2109"]
[PlyCount "136"]
[EventDate "2016.06.17"]
[EventType "swiss"]
[EventRounds "7"]
[EventCountry "ESP"]
[SourceTitle "Ajedrez en Madrid"]
[Source "lmi"]
[SourceDate "2016.06.17"]

1. d4 d5 2. c4 c6 3. cxd5 cxd5 4. Bf4 Nc6 5. e3 Nf6 6. Nc3 Bf5 7. Qb3 Na5 8.
Qa4+ Bd7 9. Qc2 e6 10. Bd3 Be7 11. Nf3 Rc8 12. O-O b5 13. Qe2 b4 14. Nb1 Ne4
15. Ba6 Rc6 16. Ne5 Rb6 17. Rc1 Nd6 18. Nxd7 Qxd7 19. Nd2 O-O 20. Nb3 Nxb3 21.
axb3 Rc6 22. f3 Qc7 23. Qd2 Rb8 24. Rxc6 Qxc6 25. Qc1 Rb6 26. Bd3 g5 27. Be5 f6
28. Qxc6 Rxc6 29. Rxa7 Nc8 30. Rc7 Rxc7 31. Bxc7 Bd6 32. Bd8 Be7 33. Ba5 Kf7
34. Ba6 Na7 35. Bb6 Nc6 36. Bb5 Nd8 37. g4 Nb7 38. h3 Bd8 39. Ba7 h6 40. Bb8
Ke7 41. Kf2 Nd6 42. Bd3 Bb6 43. Ke2 Kd7 44. Ba6 Kc6 45. Kd2 Bc7 46. Ba7 Bb6 47.
Bxb6 Kxb6 48. Bd3 Kc6 49. e4 Nb7 50. Ke3 Na5 51. Bc2 Kd6 52. f4 Nc6 53. f5 exf5
54. gxf5 Na5 55. Bd1 Nc6 56. Bh5 Na5 57. Bf7 dxe4 58. Kxe4 Nc6 59. Kd3 Ne7 60.
Bg6 Nd5 61. Kc4 Nf4 62. Kxb4 Nxh3 63. Kc3 Nf4 64. Kd2 h5 65. Ke3 h4 66. Bf7 h3
67. Bh5 Nxh5 68. Kf3 g4+ 0-1

[Event "3. Open sub-2200 Rutas de Cuenca 2016"]
[Site "Cuenca ESP"]
[Date "2016.06.18"]
[Round "4.4"]
[White "Martorell Aubanell, Adria"]
[Black "Barrios Munoz, Rafael Carlos"]
[Result "1-0"]
[WhiteElo "2160"]
[BlackElo "2039"]
[PlyCount "163"]
[EventDate "2016.06.17"]
[EventType "swiss"]
[EventRounds "7"]
[EventCountry "ESP"]
[SourceTitle "Ajedrez en Madrid"]
[Source "lmi"]
[SourceDate "2016.06.17"]

1. e4 e5 2. Nf3 Nc6 3. d4 exd4 4. Nxd4 Nf6 5. Nc3 Bb4 6. Nxc6 bxc6 7. Bd3 O-O
8. O-O d5 9. exd5 Bxc3 10. bxc3 cxd5 11. Qf3 Bg4 12. Qf4 Re8 13. f3 Bh5 14. Qd4
Qd6 15. Bf4 Qb6 16. Rfb1 c5 17. Qa4 Qe6 18. Bb5 Re7 19. Bd2 c4 20. Re1 Qb6+ 21.
Kf1 Rxe1+ 22. Rxe1 a6 23. Bc6 Rf8 24. Be3 Qc7 25. Kg1 Rc8 26. g4 Qxc6 27. Qxc6
Rxc6 28. gxh5 Re6 29. h6 gxh6 30. Kf2 h5 31. Rg1+ Kf8 32. Bd4 Ke7 33. Rg5 h6
34. Rf5 h4 35. h3 a5 36. a4 Ra6 37. Bxf6+ Rxf6 38. Rxd5 Rd6 39. Rd4 Ke6 40. Ke3
Rd5 41. Rxh4 h5 42. Rxc4 f5 43. Rc6+ Kf7 44. Kf4 Rd2 45. Kxf5 Rxc2 46. Rc7+ Ke8
47. Kg5 Ra2 48. Rc4 Kf7 49. Kxh5 Kf6 50. Kg4 Rg2+ 51. Kf4 Rh2 52. Kg3 Ra2 53.
h4 Kg6 54. Kf4 Re2 55. Rc6+ Kg7 56. h5 Rh2 57. h6+ Kh7 58. Kf5 Ra2 59. Rc4 Rf2
60. f4 Ra2 61. Kf6 Re2 62. f5 Rf2 63. Rc5 Rh2 64. Rxa5 Rxh6+ 65. Kg5 Rc6 66.
Ra7+ Kg8 67. Re7 Ra6 68. Re4 Kf7 69. Rb4 Rc6 70. c4 Rc5 71. Kf4 Kf6 72. Ke4
Re5+ 73. Kd4 Rxf5 74. Rb5 Rf1 75. Rd5 Ke7 76. a5 Ra1 77. Rb5 Ke6 78. Kc5 Ra4
79. Kb6 Rxc4 80. a6 Ra4 81. a7 Kd6 82. Kb7 1-0

[Event "3. Open sub-2200 Rutas de Cuenca 2016"]
[Site "Cuenca ESP"]
[Date "2016.06.18"]
[Round "4.5"]
[White "Lopez De Turiso, Jose Angel"]
[Black "Alvarez Serrano, Carlos"]
[Result "0-1"]
[WhiteElo "2040"]
[BlackElo "2097"]
[PlyCount "98"]
[EventDate "2016.06.17"]
[EventType "swiss"]
[EventRounds "7"]
[EventCountry "ESP"]
[SourceTitle "Ajedrez en Madrid"]
[Source "lmi"]
[SourceDate "2016.06.17"]

1. c4 e6 2. Nc3 Nf6 3. e4 c5 4. e5 Ng8 5. Nf3 Nc6 6. d4 cxd4 7. Nxd4 Qc7 8.
Nxc6 bxc6 9. f4 d5 10. exd6 Bxd6 11. Qf3 Rb8 12. Bd3 Nf6 13. O-O O-O 14. Ne4
Be7 15. b3 Nxe4 16. Bxe4 Bf6 17. Rb1 c5 18. Be3 Bb7 19. Rbd1 Bxe4 20. Qxe4 Rfd8
21. Qf3 a5 22. Rxd8+ Bxd8 23. Rd1 Be7 24. f5 e5 25. Rd5 a4 26. Qd1 axb3 27.
axb3 Bf8 28. g3 f6 29. Kg2 Qb7 30. Kf2 Ra8 31. Rd2 Ra3 32. Rb2 Qa8 33. Qd5+
Qxd5 34. cxd5 Kf7 35. Ke2 e4 36. Bf4 g5 37. fxg6+ hxg6 38. h4 f5 39. Be5 Ke7
40. Kd2 Kd7 41. Kc3 Bd6 42. Bf4 Bxf4 43. gxf4 Kd6 44. Kc4 Ra1 45. Rg2 Rc1+ 46.
Kb5 Kxd5 47. Rxg6 e3 48. Rg2 Ke4 49. h5 Kf3 0-1

[Event "3. Open sub-2200 Rutas de Cuenca 2016"]
[Site "Cuenca ESP"]
[Date "2016.06.18"]
[Round "4.6"]
[White "Jordan Martinez, David"]
[Black "Blesa Fernandez, Francisco"]
[Result "1/2-1/2"]
[WhiteElo "2195"]
[BlackElo "1991"]
[PlyCount "102"]
[EventDate "2016.06.17"]
[EventType "swiss"]
[EventRounds "7"]
[EventCountry "ESP"]
[SourceTitle "Ajedrez en Madrid"]
[Source "lmi"]
[SourceDate "2016.06.17"]

1. e4 e6 2. d4 d5 3. Nd2 Nf6 4. e5 Nfd7 5. f4 c5 6. c3 Nc6 7. Ndf3 cxd4 8. cxd4
Nb6 9. Bd3 Bd7 10. Ne2 a5 11. O-O a4 12. g4 a3 13. b3 Nb4 14. f5 Nxd3 15. Qxd3
Be7 16. Bd2 Nc8 17. Nf4 Na7 18. Rf2 Qb6 19. Nh5 O-O-O 20. Nxg7 exf5 21. Nxf5
Bxf5 22. gxf5 Kb8 23. Rg2 Rhg8 24. f6 Bb4 25. Bf4 Ka8 26. Qxh7 Rxg2+ 27. Kxg2
Qe6 28. Rc1 Nb5 29. Qd3 Na7 30. Bg3 Nc6 31. Qb5 Rg8 32. Qd3 Bf8 33. Qh7 Rg4 34.
Qh8 Qe8 35. Qh5 Re4 36. Kf2 Nxd4 37. Nxd4 Rxd4 38. Qf5 Qb5 39. Qc8+ Ka7 40. Qc2
Qb4 41. Rd1 Rxd1 42. Qxd1 Bc5+ 43. Kg2 Qe4+ 44. Kh3 Qh7+ 45. Kg4 Qg6+ 46. Kh4
Be3 47. Qg4 Qh7+ 48. Qh5 Qe4+ 49. Qg4 Qh7+ 50. Qh5 Qe4+ 51. Qg4 Qh7+ 1/2-1/2

[Event "3. Open sub-2200 Rutas de Cuenca 2016"]
[Site "Cuenca ESP"]
[Date "2016.06.18"]
[Round "4.7"]
[White "Castilla Leon Salas, Carlos"]
[Black "Castro Santimoteo, Raul"]
[Result "1/2-1/2"]
[WhiteElo "2162"]
[BlackElo "1981"]
[PlyCount "121"]
[EventDate "2016.06.17"]
[EventType "swiss"]
[EventRounds "7"]
[EventCountry "ESP"]
[SourceTitle "Ajedrez en Madrid"]
[Source "lmi"]
[SourceDate "2016.06.17"]

1. d4 d5 2. c4 c6 3. Nf3 Nf6 4. Nc3 a6 5. e3 g6 6. Bd3 Bg7 7. O-O O-O 8. b3 Bg4
9. Bb2 Nbd7 10. cxd5 cxd5 11. h3 Bxf3 12. Qxf3 e6 13. Rac1 Qa5 14. Bb1 Rac8 15.
Qe2 Rc6 16. Rc2 Rfc8 17. Rfc1 b5 18. Nxd5 Rxc2 19. Rxc2 Rxc2 20. Nxf6+ Nxf6 21.
Qxc2 Qe1+ 22. Kh2 Bf8 23. e4 Nxe4 24. Qxe4 Qxf2 25. d5 Qxb2 26. dxe6 Bd6+ 27.
Kg1 Bc5+ 28. Kh2 Bd6+ 29. Kg1 Qc1+ 30. Kf2 Qd2+ 31. Kf1 Qd1+ 32. Kf2 Bc5+ 33.
Kg3 Qd6+ 34. Kf3 fxe6 35. Ke2 Kg7 36. Bd3 Qg3 37. a4 Qf2+ 38. Kd1 Be3 39. Qb4
bxa4 40. bxa4 Bc5 41. Qb7+ Kh6 42. Qf3 Qxf3+ 43. gxf3 a5 44. Bc4 e5 45. Ke2 Kg5
46. Kf1 Kf4 47. Kg2 Be7 48. Be6 Bh4 49. Bd7 Ke3 50. Be6 Kd4 51. Bd7 Kd5 52. Kf1
Kd4 53. Be6 Ke3 54. Kg2 Kf4 55. Bd7 h5 56. Be6 g5 57. Bd7 g4 58. hxg4 hxg4 59.
Bxg4 e4 60. Bh5 e3 61. Kf1 1/2-1/2

[Event "3. Open sub-2200 Rutas de Cuenca 2016"]
[Site "Cuenca ESP"]
[Date "2016.06.18"]
[Round "4.8"]
[White "Ruiz Bellon, Manuel"]
[Black "Gallart Zafra, Jaume"]
[Result "1-0"]
[WhiteElo "1968"]
[BlackElo "2160"]
[PlyCount "69"]
[EventDate "2016.06.17"]
[EventType "swiss"]
[EventRounds "7"]
[EventCountry "ESP"]
[SourceTitle "Ajedrez en Madrid"]
[Source "lmi"]
[SourceDate "2016.06.17"]

1. e4 c5 2. c3 d5 3. exd5 Qxd5 4. d4 cxd4 5. cxd4 Nc6 6. Nf3 e6 7. Nc3 Qd8 8.
Bc4 Nf6 9. O-O Be7 10. Re1 Nb4 11. a3 Nbd5 12. Nxd5 Nxd5 13. Qb3 Nb6 14. Bb5+
Bd7 15. Ne5 O-O 16. Bxd7 Nxd7 17. Qxb7 Nxe5 18. dxe5 Bc5 19. Qe4 Qd4 20. Qxd4
Bxd4 21. Rb1 Rfc8 22. Re4 Rd8 23. Kf1 Rd5 24. b4 Bxe5 25. Be3 g6 26. Rc4 Rd3
27. a4 Ra3 28. b5 Bxh2 29. Bc5 Rc8 30. Rbc1 Rxc5 31. Rxc5 Bd6 32. R5c4 Kg7 33.
Rd1 Be5 34. g3 g5 35. Rd7 1-0

[Event "3. Open sub-2200 Rutas de Cuenca 2016"]
[Site "Cuenca ESP"]
[Date "2016.06.18"]
[Round "4.9"]
[White "Lozano Suarez, Luis Miguel"]
[Black "Garcia Galeote, Lorenzo"]
[Result "1-0"]
[WhiteElo "2116"]
[BlackElo "1975"]
[PlyCount "65"]
[EventDate "2016.06.17"]
[EventType "swiss"]
[EventRounds "7"]
[EventCountry "ESP"]
[SourceTitle "Ajedrez en Madrid"]
[Source "lmi"]
[SourceDate "2016.06.17"]

1. c4 e6 2. g3 d5 3. Bg2 Nf6 4. Nf3 Be7 5. O-O O-O 6. Qc2 b6 7. d4 Bb7 8. cxd5
exd5 9. Bf4 Bd6 10. Ne5 Nh5 11. Nd2 Nxf4 12. gxf4 Qh4 13. Qf5 g6 14. Qg5 Qxg5
15. fxg5 f6 16. gxf6 Rxf6 17. Ndc4 Bf8 18. Ne3 c6 19. Rac1 Rd6 20. a3 Kg7 21.
Nxd5 Na6 22. Nf4 Re8 23. e3 Nb8 24. Rc2 Ba6 25. Rfc1 c5 26. dxc5 bxc5 27. Rxc5
Red8 28. Rc7+ Kg8 29. Bf3 Rf6 30. Bd5+ Rxd5 31. Nxd5 Rf5 32. Ng4 Kh8 33. Ngf6
1-0

[Event "3. Open sub-2200 Rutas de Cuenca 2016"]
[Site "Cuenca ESP"]
[Date "2016.06.18"]
[Round "4.10"]
[White "Picazo Picazo, Pedro Jesus"]
[Black "Suarez Triguero, Jose Alfonso"]
[Result "0-1"]
[WhiteElo "1957"]
[BlackElo "2094"]
[PlyCount "112"]
[EventDate "2016.06.17"]
[EventType "swiss"]
[EventRounds "7"]
[EventCountry "ESP"]
[SourceTitle "Ajedrez en Madrid"]
[Source "lmi"]
[SourceDate "2016.06.17"]

1. e4 e6 2. d4 d5 3. Nc3 dxe4 4. Nxe4 Nd7 5. Nf3 Ngf6 6. Nxf6+ Nxf6 7. Be3 Nd5
8. Bd2 Bd7 9. c4 Nf6 10. Bd3 c5 11. O-O Be7 12. dxc5 Bxc5 13. Bc3 Bc6 14. Qe2
Qe7 15. Ne5 O-O 16. Nxc6 bxc6 17. Qf3 Bb4 18. Bxb4 Qxb4 19. Rab1 c5 20. a3 Qb6
21. b4 Rab8 22. Qf4 Rbd8 23. bxc5 Qxc5 24. Qf3 Rb8 25. h3 Nd7 26. Qe4 Nf6 27.
Qf3 Nd7 28. Qg3 Rxb1 29. Rxb1 Rc8 30. Rb7 Nf6 31. a4 g6 32. Qf4 Kg7 33. Rb5 Qc7
34. Qd4 a6 35. Rb3 e5 36. Qb2 Nd7 37. Rb7 Qd6 38. Be2 Nc5 39. Rb6 Nxa4 40. Rxd6
Nxb2 41. Rxa6 Nxc4 42. Ra7 Nd6 43. Rd7 Rc1+ 44. Bf1 Nf5 45. g3 Nd4 46. Kg2 Ne6
47. Be2 Rc7 48. Rd6 Nd4 49. Bd3 Kf8 50. f4 Rc3 51. Be4 Re3 52. Bd5 exf4 53.
gxf4 Nf5 54. Rd7 Re7 55. Rxe7 Kxe7 56. Kf3 Nd6 0-1

[Event "3. Open sub-2200 Rutas de Cuenca 2016"]
[Site "Cuenca ESP"]
[Date "2016.06.18"]
[Round "5.1"]
[White "Moreto Quintana, Alex"]
[Black "Insa Alfonso, Pablo"]
[Result "0-1"]
[WhiteElo "2109"]
[BlackElo "2116"]
[PlyCount "134"]
[EventDate "2016.06.17"]
[EventType "swiss"]
[EventRounds "7"]
[EventCountry "ESP"]
[SourceTitle "Ajedrez en Madrid"]
[Source "lmi"]
[SourceDate "2016.06.17"]

1. Nf3 Nf6 2. c4 e6 3. g3 d5 4. b3 Be7 5. Bb2 O-O 6. Bg2 c5 7. O-O d4 8. e3 Nc6
9. exd4 cxd4 10. Re1 Qb6 11. d3 Bd6 12. Na3 a6 13. Nc2 e5 14. c5 Bxc5 15. Nxe5
Nxe5 16. Rxe5 Ng4 17. Re1 Qf6 18. Qf3 Rd8 19. b4 Ba7 20. Qxf6 Nxf6 21. Re7 Rb8
22. Rae1 h6 23. Bc1 Bd7 24. Na3 b5 25. Bf4 Rbc8 26. Bb7 Rc3 27. Nb1 Rxd3 28.
Bxa6 Bb8 29. Rxd7 Nxd7 30. Bxb5 Bxf4 31. Bxd3 Bd6 32. Re4 Ne5 33. Ba6 f5 34.
Rf4 Bxb4 35. Rxf5 Re8 36. Kg2 d3 37. f4 Ng4 38. Bxd3 Ne3+ 39. Kf3 Nxf5 40. Bxf5
Kf7 41. Be4 Rb8 42. Ke2 Kf6 43. h3 Rb6 44. Kd3 Ra6 45. Bd5 Be1 46. g4 Ra4 47.
Bc4 Bg3 48. Nc3 Ra3 49. Bb3 Bxf4 50. Ne4+ Ke5 51. Nc5 Bg5 52. Ke2 Kf4 53. Kf2
Bh4+ 54. Kg2 Ra7 55. Nd3+ Ke3 56. Nb4 Rd7 57. Nd5+ Ke4 58. Nc3+ Kd4 59. Nd1 Re7
60. Kf3 g5 61. Kg2 Re2+ 62. Kg1 Kd3 63. Kh1 Kd2 64. Nb2 Ke3 65. Nc4+ Kf2 66.
Nd6 Re1+ 67. Kh2 Bg3# 0-1